000
00310nam a2200133Ia 4500
008
210428s9999 xx 000 0 und d
020
_a
0-7106-2688-6
082
_a
660 J331 J
100
_a
Edward Downs
_9
52176
245
0
_a
Avionics 2005-2006
260
_b
Janes
_a
uk
_c
2005
300
_a
938p
942
_c
BK
999
_c
559942
_d
559942